Kraje, w których arabski jest językiem urzędowym - Statystyki

Ogólne statystyki
  • Ten quiz został rozwiązany 525 razy
  • Średni wynik to 21 z 27
Statystyki odpowiedzi
Arabskojęzyczny kraj % Poprawnych
Arabia Saudyjska
97%
Egipt
96%
Oman
94%
Irak
93%
Jemen
93%
Maroko
91%
Zjednoczone Emiraty Arabskie
90%
Algieria
89%
Katar
89%
Libia
86%
Tunezja
86%
Syria
84%
Sudan
83%
Liban
81%
Kuwejt
80%
Bahrajn
78%
Jordania
78%
Somalia
77%
Czad
76%
Mauretania
71%
Niger
71%
Erytrea
66%
Mali
64%
Izrael
61%
Dżibuti
60%
Palestyna
48%
Komory
35%
Nie znaleziono quizów pasujących do podanych kryteriów
Rozkład punktacji
Procent ludzi z każdym wynikiem
Percentyl według liczby udzielonych odpowiedzi
Twoja historia wyników
Nie rozwiązałeś tego quizu